| 000 | 00742nam a22002172 4500 | ||
|---|---|---|---|
| 001 | 0000012661 | ||
| 005 | 20151021151123.0 | ||
| 008 | 090304s xx 000 0 eng d | ||
| 020 | _a0851106373 : | ||
| 040 |
_aKABU _cKABU |
||
| 100 | 1 |
_aBoice, James Montgomery, _d1938-. _@0000085828 |
|
| 245 | 1 | 0 |
_aFoundations of christian faith : _ba comprehensive & readable theology / _cJames Montgomery Boice. |
| 250 | _aRev. ed. | ||
| 260 |
_aLeicester, England : _bIVP, _c1986. |
||
| 300 | _a740 p. | ||
| 650 | 0 |
_aTheology, Doctrinal. _@0000100890 |
|
| 852 | 1 | _9p2400 KES | |
| 852 | 1 | _9p2400 KES | |
| 908 | _a090304 | ||
| 950 | _@1 | ||
| 999 |
_c871 _d871 |
||